LEADER 01586nam a2200301 4500 001 000000354376 003 CaOOAMICUS 005 20230622101523.0 008 230622s2022 be 000 u eng r 020 $a978-2-503-58849-0 040 $aSeMil$bita 245 00$a5: The emergence of new peoples and polities in Europe, 1000-1300 /$cedited by Walter Pohl, Veronika Wieser, and Francesco Borri. 264 1$aTurnhout :$bBrepols,$c2022. 300 $aix, 501 p. ;$c25 cm 490 1 $aCultural encounters in late antiquity and the Middle Ages ;$v31 650 4$aEurasia - Storiografia - Medioevo.$0(OLS)http://semarc/subject/51347 650 4$aMedioevo - Storiografia.$0(OLS)http://semarc/subject/16162 700 1 $aBorri, Francesco,$d<1976- >.$0(OLS)http://semarc/name/117781 700 1 $aWieser, Veronika,$d<1977- >.$0(OLS)http://semarc/name/112417 700 1 $aPohl, Walter,$d<1953- >.$0(OLS)http://semarc/name/112402 773 0 $tHistoriography and identity.$dTurnhout : Brepols, 2019-$kCultural encounters in late antiquity and the Middle Ages$g5$w()342879 830 0$aCultural encounters in late antiquity and the Middle Ages ;$v31.$0(OLS)http://semarc/title/431739 850 $aSeMil 852 $aSeMil$W1$xVenegono$y1$m2UA I 31$j241668$B245635$CSeMilBibl$Z2$F245635 $81 996 $6020$a978-2-503-58849-0$9(OLS)http://semarc/number/298400 996 $6245$a5: The emergence of new peoples and polities in Europe, 1000-1300$9(OLS)http://semarc/title/444514 996 $6264$aTurnhout :$bBrepols$9(OLS)http://semarc/publisher/29626 LEADER 01456nam a2200313 i 4500 001 000000338885 003 CaOOAMICUS 005 20200116151557.0 008 200116s2018 it u000 u ita u 013 $a237910 020 $a978-88-16-30601-1 040 $aSeMil$bita 100 1 $aSurin, Jean Joseph,$c.$0(OLS)http://semarc/name/90167 240 10$aGuide spirituel pour la perfection.$0(OLS)http://semarc/title/427681 245 10$aGuida spirituale alla perfezione / $cJean-Joseph Surin ; testo, introduzione e note a cura di Michel de Certeau. 250 $aNuova edizione 264 1$aMilano :$bJaca Book ;$aLugano :$bIST/FTL,$c2018. 300 $a330 p. ;$c24 cm. 650 4$aVita cristiana - Meditazioni.$0(OLS)http://semarc/subject/1353 650 4$aVita spirituale.$0(OLS)http://semarc/subject/381 700 1 $aCerteau, Michel : de,$c.$0(OLS)http://semarc/name/1065 830 0$aFigure del pensiero moderno.$0(OLS)http://semarc/title/43088 850 $aSeMil 852 $aSeMil$W1$xVenegono$y1$m2C VI 337$j218432$B230365$CSeMilBibl$Z2$F230365 $81 996 $6020$a978-88-16-30601-1$9(OLS)http://semarc/number/289629 996 $6245$aGuida spirituale alla perfezione / $9(OLS)http://semarc/title/427680 996 $6264$aMilano :$bJaca Book$9(OLS)http://semarc/publisher/29781 996 $6264$aLugano :$bIST/FTL$9(OLS)http://semarc/publisher/34875